[Event "GER-chT U20"]
[Site "Naumburg Saale"]
[Date "2014.12.27"]
[Round "2.6"]
[White "Schamschurko, Victor"]
[Black "Alber, Alexander"]
[Result "0-1"]
[WhiteElo "1687"]
[BlackElo "1962"]
[PlyCount "44"]
[EventDate "2014.12.27"]
[EventType "team-swiss"]
[EventRounds "7"]
[EventCountry "GER"]
[SourceTitle "EXT 2016"]
[Source "ChessBase"]
[SourceDate "2015.10.08"]
[SourceVersion "1"]
[SourceVersionDate "2015.10.08"]
[SourceQuality "1"]
[WhiteTeam "Dresden TU"]
[BlackTeam "Bebenhausen"]
[WhiteTeamCountry "GER"]
[BlackTeamCountry "GER"]

1. e4 c5 2. Nc3 Nc6 3. Bb5 Nd4 4. Bc4 d6 5. f4 g6 6. h3 Bg7 7. Nf3 a6 8. a4 Qa5 9. Ba2 e6 10. d3 Nxf3+ 11. gxf3 Bxc3+ 12. bxc3 Qxa4 13. Bd2 Qc6 14. d4 Ne7 15. 0-0 c4 16. Qe2 b5 17. Rfb1 Bb7 18. Be3 0-0 19. Qg2 f5 20. exf5 Nxf5 21. Kf2 Nxe3 22. Kxe3 e5 0-1

[Event "GER-chT U20"]
[Site "Osnabrueck"]
[Date "2011.12.29"]
[Round "6.3"]
[White "Rickmann, David"]
[Black "Schamschurko, Victor"]
[Result "1/2-1/2"]
[WhiteElo "1714"]
[BlackElo "1588"]
[PlyCount "87"]
[EventDate "2011.12.27"]
[EventType "team-swiss"]
[EventRounds "7"]
[EventCountry "GER"]
[SourceTitle "CBM 146 Extra"]
[Source "ChessBase"]
[SourceDate "2012.02.29"]
[SourceVersion "1"]
[SourceVersionDate "2012.02.29"]
[SourceQuality "1"]
[WhiteTeam "Magdeburg Aufbau Elbe"]
[BlackTeam "Dresden"]
[WhiteTeamCountry "GER"]
[BlackTeamCountry "GER"]

1. e4 e6 2. d4 d5 3. Nc3 Nf6 4. e5 Nfd7 5. f4 c5 6. Nf3 Nc6 7. Be3 cxd4 8. Nxd4 a6 9. Bd3 Qb6 10. Na4 Qa5+ 11. c3 Nxd4 12. b4 Bxb4 13. cxb4 Qxb4+ 14. Bd2 Qe7 15. Qg4 g6 16. 0-0 b5 17. Nc3 Nc5 18. Bb1 b4 19. Be3 Nf5 20. Bxf5 exf5 21. Nxd5 fxg4 22. Nxe7 Ne6 23. Nd5 a5 24. Nf6+ Ke7 25. Nxg4 Ba6 26. Rf2 Bd3 27. Rd2 Bb5 28. Nf6 h5 29. Nd5+ Kf8 30. Nb6 Rd8 31. Rxd8+ Nxd8 32. Rd1 Ne6 33. Rd5 Bc6 34. Rxa5 Kg7 35. Nd5 Rb8 36. Bd2 b3 37. axb3 Rxb3 38. Nc3 Rb2 39. Ra2 Rb3 40. Ra6 Bb7 41. Ra4 Rb2 42. Ra2 Rb3 43. g3 Nd4 44. Kf2 1/2-1/2

[Event "GER-chT U20"]
[Site "Osnabrueck"]
[Date "2011.12.27"]
[Round "2.3"]
[White "Schamschurko, Victor"]
[Black "Hobusch, Jan"]
[Result "0-1"]
[WhiteElo "1588"]
[BlackElo "2062"]
[PlyCount "30"]
[EventDate "2011.12.27"]
[EventType "team-swiss"]
[EventRounds "7"]
[EventCountry "GER"]
[SourceTitle "CBM 146 Extra"]
[Source "ChessBase"]
[SourceDate "2012.02.29"]
[SourceVersion "1"]
[SourceVersionDate "2012.02.29"]
[SourceQuality "1"]
[WhiteTeam "Dresden"]
[BlackTeam "Solingen"]
[WhiteTeamCountry "GER"]
[BlackTeamCountry "GER"]

1. e4 c6 2. d4 d5 3. e5 c5 4. c3 Nc6 5. Nf3 Bg4 6. Bd3 e6 7. a3 Nge7 8. b4 cxd4 9. cxd4 Nf5 10. Be2 Be7 11. h3 Bxf3 12. Bxf3 Qb6 13. g4 Nh4 14. Nc3 Nxd4 15. Bxd5 exd5 0-1

[Event "GER-chT U20"]
[Site "Osnabrueck"]
[Date "2010.12.28"]
[Round "3.3"]
[White "Schamschurko, Victor"]
[Black "Gadzali, Kevin"]
[Result "1/2-1/2"]
[WhiteElo "1677"]
[BlackElo "1687"]
[PlyCount "56"]
[EventDate "2010.12.27"]
[EventType "team-swiss"]
[EventRounds "7"]
[EventCountry "GER"]
[SourceTitle "CBM 140 Extra"]
[Source "ChessBase"]
[SourceDate "2011.03.01"]
[SourceVersion "1"]
[SourceVersionDate "2011.03.01"]
[SourceQuality "1"]
[WhiteTeam "Dresden USV"]
[BlackTeam "Neumuehl"]
[WhiteTeamCountry "GER"]
[BlackTeamCountry "GER"]

1. e4 c5 2. Nc3 d6 3. f4 g6 4. Nf3 Bg7 5. Bc4 Nf6 6. d3 Nc6 7. Bb5 Bd7 8. Bxc6 Bxc6 9. 0-0 0-0 10. Qe1 e6 11. Qh4 Nd7 12. Qh3 e5 13. f5 Nf6 14. g4 Qb6 15. Kh1 Rfe8 16. Rg1 d5 17. g5 dxe4 18. gxf6 exf3 19. Ne4 Bxe4 20. dxe4 f2 21. Rf1 Qxf6 22. Rxf2 Qc6 23. Qg2 Rad8 24. Be3 Rd7 25. Raf1 Red8 26. fxg6 fxg6 27. Bg5 Re8 28. Bf6 Rf7 1/2-1/2

[Event "Dresden ZMD op"]
[Site "Dresden"]
[Date "2010.07.14"]
[Round "5"]
[White "Siegl, Detlef"]
[Black "Schamschurko, Victor"]
[Result "1-0"]
[WhiteElo "1944"]
[BlackElo "1672"]
[PlyCount "79"]
[EventDate "2010.07.10"]
[EventType "swiss"]
[EventRounds "9"]
[EventCountry "GER"]
[SourceTitle "CBM 137 Extra"]
[Source "ChessBase"]
[SourceDate "2010.09.01"]
[SourceVersion "1"]
[SourceVersionDate "2010.09.01"]
[SourceQuality "1"]

1. e4 e6 2. d4 d5 3. Nc3 Nf6 4. Bg5 dxe4 5. Nxe4 Nbd7 6. Nf3 h6 7. Bxf6 Nxf6 8. Bd3 Be7 9. 0-0 Bd7 10. Ne5 0-0 11. Qe2 Qe8 12. Nxf6+ Bxf6 13. Qe4 g6 14. Qxb7 Qd8 15. Qe4 Rb8 16. b3 Bxe5 17. dxe5 Rb6 18. Rfe1 Qg5 19. Qe3 Qxe3 20. Rxe3 Rd8 21. Rd1 Bb5 22. c4 Bc6 23. Be2 Rxd1+ 24. Bxd1 Ra6 25. Re2 Ra3 26. f3 a5 27. Kf2 a4 28. bxa4 Bxa4 29. Bxa4 Rxa4 30. Rc2 g5 31. Ke3 c5 32. Kd3 Ra3+ 33. Kd2 Kg7 34. Kc1 Re3 35. Kb2 Rxe5 36. a4 Rf5 37. a5 Rf6 38. Kb3 e5 39. Ka4 Ra6 40. Kb5 1-0